Trouver le mot qui suit dans le dictionnaire #1 - Statistiques

Statistiques générales
  • Ce quiz a été pris 18 fois
  • Le résultat moyen est 2 sur 10
Statistiques - réponses
Mot Mot suivant % Correct
effluent effluve
53%
glutamique gluten
53%
égéen, enne égérie
47%
pomper pompette
33%
acidiphile acidité
20%
aiguille aiguillée
20%
miliaire milice
13%
fonio fontaine
7%
coresponsable coriace
0%
hyaluronique hybridation
0%
Aucun quiz correspondant
Distribution des résultats
% des personnes avec chaque résultat
Percentile par nombre de réponses
Votre historique - résultats
Vous n’avez pas pris ce quiz